[Event "TCh-CHN 2018"]
[Site "China CHN"]
[Date "2018.05.23"]
[Round "6.5"]
[Board "1"]
[White "Cheparinov, Ivan"]
[Black "Wang, Yue"]
[Result "1-0"]
[WhiteTitle "GM"]
[BlackTitle "GM"]
[WhiteElo "2711"]
[BlackElo "2683"]
[WhiteTeam "Shenzhen Longgang Chess association"]
[BlackTeam "Tianjin Team"]
[WhiteFideId "2905540"]
[BlackFideId "8601429"]
[EventDate "2018.04.11"]

1. c4 e6 2. Nf3 d5 3. g3 Nf6 4. Bg2 Be7 5. O-O O-O 6. b3 c5 7. cxd5 Nxd5 8. Bb2
b6 9. d4 Bb7 10. e4 Nc7 11. Nbd2 Nc6 12. Nc4 Nxd4 13. Nxd4 cxd4 14. Bxd4 Nb5 15.
Bb2 Qxd1 16. Rfxd1 Rfd8 17. a4 Nc7 18. a5 b5 19. a6 Bxa6 20. Na5 Kf8 21. Rxd8+
Rxd8 22. Be5 Bd6 23. Rd1 Ne8 24. Nc6 Rd7 25. Bd4 f6 26. e5 Be7 27. Ra1 Bb7 28.
Bxa7 Bxc6 29. Bxc6 Rc7 30. Bxb5 fxe5 31. Bc4 Kf7 32. Bb8 Rc5 33. Ra6 Nc7 34.
Bxc7 Rxc7 35. Bxe6+ Ke8 36. Bg8 h6 37. Bc4 Bc5 38. Kg2 Bd4 39. Ra8+ Ke7 40. Kf3
Ra7 41. Rg8 Kf6 42. Ke4 Rd7 43. h4 Bc3 44. Bd5 h5 45. Rc8 Bb4 46. Rb8 Bd6 47.
Rb6 g6 48. b4 Ke7 49. b5 Ra7 50. Ra6 Rxa6 51. bxa6 Bc5 52. f3 Bf2 53. Kd3 Kf6
54. Be4 g5 55. hxg5+ Kxg5 56. Kc4 1-0

[Event "TCh-CHN 2018"]
[Site "China CHN"]
[Date "2018.05.23"]
[Round "6.5"]
[Board "3"]
[White "Liu, Qingnan"]
[Black "Chu, Wei Chao"]
[Result "1-0"]
[WhiteTitle "GM"]
[BlackTitle "IM"]
[WhiteElo "2538"]
[BlackElo "2373"]
[WhiteTeam "Shenzhen Longgang Chess association"]
[BlackTeam "Tianjin Team"]
[WhiteFideId "8603294"]
[BlackFideId "8605661"]
[EventDate "2018.04.11"]

1. e4 c6 2. d4 d5 3. e5 Bf5 4. h4 h5 5. c4 dxc4 6. Bxc4 e6 7. Nc3 Nd7 8. Nge2
Be7 9. Ng3 Bg6 10. Nce4 Nb6 11. Be2 Qd7 12. Bg5 f6 13. exf6 gxf6 14. Be3 O-O-O
15. Nc3 Nh6 16. a4 Nd5 17. Nxd5 Qxd5 18. O-O Ng4 19. Qc1 Nxe3 20. Qxe3 Kb8 21.
Rfd1 f5 22. Nf1 Qd6 23. Nd2 f4 24. Qb3 Qxd4 25. Nf3 Qb4 26. Qxe6 Qe4 27. Ne5
Bxh4 28. Bf3 Bf5 29. Nxc6+ Qxc6 30. Qxf5 Qc7 31. Rdc1 Qd6 32. Qe4 Qe7 33. Qxf4+
Rd6 34. Rd1 Rd8 35. Rxd6 Rxd6 36. Rd1 1-0

[Event "TCh-CHN 2018"]
[Site "China CHN"]
[Date "2018.05.23"]
[Round "6.5"]
[Board "4"]
[White "Xiao, Yiyi"]
[Black "Ushenina, Anna"]
[Result "0-1"]
[WhiteTitle "WFM"]
[BlackTitle "GM"]
[WhiteElo "2295"]
[BlackElo "2440"]
[WhiteTeam "Tianjin Team"]
[BlackTeam "Shenzhen Longgang Chess association"]
[WhiteFideId "8606161"]
[BlackFideId "14110911"]
[EventDate "2018.04.11"]

1. Nf3 d5 2. g3 g6 3. Bg2 Bg7 4. d4 c6 5. O-O Nf6 6. c4 dxc4 7. a4 Ne4 8. Qc2
Nd6 9. Nbd2 Be6 10. Rd1 Na6 11. Ne5 Nb4 12. Qc3 Nd5 13. Qc2 Nb4 14. Qc3 Nd5 15.
Qa3 Nc7 16. e4 f6 17. Nef3 O-O 18. Re1 Qd7 19. Qc3 Kh8 20. b3 b5 21. bxc4 Nxc4
22. Nb3 Bf7 23. Nc5 Qc8 24. h4 a5 25. Nb3 Rd8 26. axb5 Nxb5 27. Qc2 a4 28. Nc5
Nxd4 29. Nxd4 Rxd4 30. Rxa4 Rxa4 31. Qxa4 e5 32. Qa7 Bg8 33. Be3 Nxe3 34. Rxe3
Rd8 35. Rc3 Qb8 36. Qxb8 Rxb8 37. Nd3 Rb3 38. Rxb3 Bxb3 39. f4 exf4 40. gxf4 Bc4
41. Bf1 Bf8 42. Kf2 Kg7 43. Ke3 c5 44. Bh3 Be7 45. Nb2 Bb5 46. Be6 Bd8 47. Nc4
Bc7 48. Kf3 Kf8 49. Ne3 Ba5 50. Bd5 Be1 51. h5 gxh5 52. e5 fxe5 53. fxe5 h4 54.
Kg4 Bd3 55. Bb3 Bf2 56. Nc4 Be2+ 57. Kh3 Bf1+ 58. Kh2 Ke7 59. e6 Bg3+ 60. Kg1
Bh3 61. Ne3 Kd6 62. Bc2 Kxe6 63. Bxh7 Ke5 64. Bg8 Kd4 65. Nc4 Bg4 66. Kg2 Bf4 0-1

[Event "TCh-CHN 2018"]
[Site "China CHN"]
[Date "2018.05.23"]
[Round "6.5"]
[Board "5"]
[White "Chu, Ruotong"]
[Black "Zhang, Xiaowen"]
[Result "0-1"]
[WhiteTitle "WIM"]
[BlackTitle "WGM"]
[WhiteElo "2261"]
[BlackElo "2318"]
[WhiteTeam "Tianjin Team"]
[BlackTeam "Shenzhen Longgang Chess association"]
[WhiteFideId "8605653"]
[BlackFideId "8603219"]
[EventDate "2018.04.11"]

1. d4 Nf6 2. c4 g6 3. Nc3 Bg7 4. e4 d6 5. Nf3 O-O 6. Be2 Nbd7 7. O-O e5 8. dxe5
dxe5 9. b4 Re8 10. Qc2 c6 11. Rd1 Qc7 12. Rb1 Nh5 13. Be3 Nf4 14. Bf1 Nf8 15. h3
Qe7 16. Qa4 f5 17. b5 Bd7 18. c5 N4e6 19. Qb3 Kh8 20. bxc6 bxc6 21. Na4 fxe4 22.
Nd2 Nd4 23. Qb7 Nf5 24. Nxe4 Nxe3 25. fxe3 Bh6 26. Nd6 Bxe3+ 27. Kh1 Reb8 28.
Qxb8 Rxb8 29. Rxb8 Kg7 30. Rb7 Qh4 31. Bc4 Bf4 32. Ne4 Kh6 33. Bf1 Bg4 34. Rdb1
Bf5 35. Nac3 Be3 36. Rf7 Bxe4 37. Nxe4 Qxe4 38. Re1 Qd5 39. Rxf8 Bxc5 40. Rf3 e4
41. Rf4 e3 42. Bc4 Qe5 43. Rh4+ Kg7 44. Rf1 h5 45. Rhf4 e2 46. Rf7+ Kh6 47. Re1
Qc3 0-1

[Event "TCh-CHN 2018"]
[Site "China CHN"]
[Date "2018.05.23"]
[Round "6.6"]
[Board "1"]
[White "Yu, Yangyi"]
[Black "Wan, Yunguo"]
[Result "1-0"]
[WhiteTitle "GM"]
[BlackTitle "GM"]
[WhiteElo "2764"]
[BlackElo "2529"]
[WhiteTeam "Beijing Beiao team"]
[BlackTeam "Hebei sports lottery chess team"]
[WhiteFideId "8603820"]
[BlackFideId "8603189"]
[EventDate "2018.04.11"]

1. d4 Nf6 2. c4 e6 3. Nf3 Bb4+ 4. Nbd2 O-O 5. a3 Bxd2+ 6. Qxd2 b6 7. e3 Bb7 8.
Be2 d6 9. O-O a5 10. b3 Nbd7 11. Bb2 Ne4 12. Qc2 f5 13. Rad1 Ng5 14. Ne1 Nh3+
15. Kh1 Qh4 16. Bf3 Bxf3 17. Nxf3 Qh5 18. Nd2 Ng5 19. f4 Nf7 20. e4 Nh6 21. Rde1
fxe4 22. Nxe4 Rae8 23. Kg1 Qg6 24. Qe2 Nf5 25. Ng5 h6 26. Ne4 Nf6 27. Nxf6+ Rxf6
28. Qe4 Rff8 29. a4 Qf7 30. Qc6 Re7 31. Re2 h5 32. Rfe1 h4 33. Qf3 Qg6 34. Re4
Rfe8 35. Bc3 Kf8 36. R1e2 Kg8 37. Be1 Qf6 38. Bf2 c5 39. Rd2 Kh7 40. h3 Qg6 41.
Qg4 Qxg4 42. hxg4 Nxd4 43. Bxd4 cxd4 44. Rdxd4 d5 45. Re5 dxc4 46. bxc4 Rc8 47.
Kh2 Rc5 48. Ree4 Kg8 49. Rd6 Rec7 50. Rxb6 Rxc4 51. Rbxe6 Rxe4 52. Rxe4 Rb7 53.
Re8+ Kf7 54. Re5 Rb4 55. Rxa5 Kg6 56. g3 hxg3+ 57. Kxg3 Rb3+ 58. Kh4 Rb4 59.
Ra6+ Kh7 60. Kg5 Rc4 61. f5 1-0

[Event "TCh-CHN 2018"]
[Site "China CHN"]
[Date "2018.05.23"]
[Round "6.6"]
[Board "2"]
[White "Li, Chao b"]
[Black "Zhang, Ziji"]
[Result "1-0"]
[WhiteTitle "GM"]
[WhiteElo "2703"]
[BlackElo "2393"]
[WhiteTeam "Beijing Beiao team"]
[BlackTeam "Hebei sports lottery chess team"]
[WhiteFideId "8604436"]
[BlackFideId "8609470"]
[EventDate "2018.04.11"]

1. d4 d5 2. c4 e6 3. Nc3 Be7 4. cxd5 exd5 5. Bf4 c6 6. e3 Nf6 7. Bd3 O-O 8. h3
Nbd7 9. Nge2 Re8 10. Qc2 Nf8 11. g4 Be6 12. O-O-O a5 13. f3 a4 14. h4 a3 15. b3
c5 16. dxc5 Bxc5 17. h5 Qb6 18. g5 Bxe3+ 19. Kb1 N6d7 20. h6 g6 21. Na4 Qa7 22.
Qc3 f6 23. gxf6 Bf7 24. Bb5 d4 25. Qb4 Qa5 26. Bd6 Qxb4 27. Bxb4 Re5 28. Bxd7
Nxd7 29. Nxd4 Nxf6 30. Nc2 Nd5 31. Bxa3 b5 32. Bb2 Rf5 33. Nc3 Nxc3+ 34. Bxc3
Bc5 35. Bd4 Bf8 36. Bb2 Rxf3 37. Nd4 Rf2 38. Nxb5 g5 39. Nc7 Bg6+ 40. Ka1 Rc8
41. Ne6 Be7 42. Rd7 Rf7 43. Rg1 g4 44. Rdd1 Bf5 45. Nd4 Bd7 46. Nf3 Bc5 47. Ne5
Bxg1 48. Nxf7 Kxf7 49. Rxd7+ Kg6 50. Rg7+ Kh5 51. Rxh7 Be3 52. Be5 Re8 53. Bc7
Bd4+ 54. Kb1 Re1+ 55. Kc2 Be3 56. b4 Rg1 57. Rh8 Rc1+ 58. Kd3 Rxc7 59. Kxe3 Ra7
60. h7 1-0

[Event "TCh-CHN 2018"]
[Site "China CHN"]
[Date "2018.05.23"]
[Round "6.6"]
[Board "3"]
[White "Fang, Yan"]
[Black "Peng, Hongchi"]
[Result "1-0"]
[WhiteTitle "IM"]
[WhiteElo "2424"]
[BlackElo "2273"]
[WhiteTeam "Beijing Beiao team"]
[BlackTeam "Hebei sports lottery chess team"]
[WhiteFideId "8604746"]
[BlackFideId "8609047"]
[EventDate "2018.04.11"]

1. d4 Nf6 2. c4 e6 3. Nc3 Bb4 4. Bg5 O-O 5. e3 h6 6. Bh4 c5 7. Bd3 cxd4 8. exd4
d5 9. Ne2 dxc4 10. Bxc4 b6 11. O-O Bb7 12. Qd3 Nc6 13. Rad1 Be7 14. a3 Nh5 15.
Bxe7 Nxe7 16. d5 Nxd5 17. Nxd5 Bxd5 18. Bxd5 exd5 19. Qxd5 Qxd5 20. Rxd5 Rfe8
21. Rd2 Rad8 22. Rfd1 Rxd2 23. Rxd2 Nf4 24. Kf1 Nxe2 25. Rxe2 Rd8 26. Ke1 Kf8
27. Rd2 Rc8 28. Rd7 Rc2 29. b4 a5 30. bxa5 bxa5 31. Rd5 Rc1+ 32. Kd2 Rh1 33. h3
Rh2 34. Rxa5 Rxg2 35. Rf5 Ke7 36. a4 f6 37. a5 Kd6 38. a6 Kc7 39. Ra5 Kb8 40.
Ke2 Rh2 41. Ra3 Rh1 42. Rg3 g5 43. Rf3 Ka7 44. Rxf6 Rxh3 45. Rg6 g4 46. Rxg4
Kxa6 47. Rb4 Rh5 48. f4 Rb5 49. Rc4 Rb6 50. Kf3 Kb5 51. Rc2 Rc6 52. Rd2 Kc5 53.
Ke4 Re6+ 54. Kf5 Rd6 55. Ra2 Rd4 56. Ke5 Rd1 57. Rc2+ Kb6 58. f5 h5 59. f6 Re1+
60. Kd6 Rd1+ 61. Ke7 Re1+ 62. Kf8 Rf1 63. f7 h4 64. Re2 h3 65. Ke7 1-0

[Event "TCh-CHN 2018"]
[Site "China CHN"]
[Date "2018.05.23"]
[Round "6.6"]
[Board "4"]
[White "Zhai, Mo"]
[Black "Wang, Yu A."]
[Result "1-0"]
[WhiteTitle "WGM"]
[BlackTitle "IM"]
[WhiteElo "2352"]
[BlackElo "2303"]
[WhiteTeam "Hebei sports lottery chess team"]
[BlackTeam "Beijing Beiao team"]
[WhiteFideId "8600201"]
[BlackFideId "8601097"]
[EventDate "2018.04.11"]

1. c4 f5 2. Nc3 Nf6 3. g3 g6 4. Bg2 Bg7 5. d4 O-O 6. Nf3 d6 7. O-O c6 8. b3 a5
9. Bb2 Na6 10. a3 Qc7 11. d5 e5 12. dxe6 Bxe6 13. Nd4 Rae8 14. Qc2 Nc5 15. b4
Nce4 16. Rad1 axb4 17. axb4 Qf7 18. Nxe4 Nxe4 19. c5 dxc5 20. bxc5 Bc4 21. Rc1
Ba6 22. Rfd1 Bh6 23. Ra1 Nxf2 24. Kxf2 Be3+ 25. Kf1 Bxd4 26. Rxa6 Bxb2 27. Ra7
Bg7 28. Bxc6 Rd8 29. Rxb7 Qf6 30. Bf3 f4 31. Rxd8 Qxd8 32. gxf4 Qd4 33. c6 Qxf4
34. c7 Qxh2 35. Qc4+ Kh8 36. c8=Q Qh1+ 37. Kf2 Qh2+ 38. Ke3 Bh6+ 39. Kd3 Qd6+
40. Bd5 1-0

[Event "TCh-CHN 2018"]
[Site "China CHN"]
[Date "2018.05.23"]
[Round "6.6"]
[Board "5"]
[White "Bodnaruk, Anastasia"]
[Black "Wang, Jue"]
[Result "0-1"]
[WhiteTitle "IM"]
[BlackTitle "WGM"]
[WhiteElo "2426"]
[BlackElo "2367"]
[WhiteTeam "Hebei sports lottery chess team"]
[BlackTeam "Beijing Beiao team"]
[WhiteFideId "4181751"]
[BlackFideId "8604070"]
[EventDate "2018.04.11"]

1. e4 e5 2. Nf3 Nf6 3. Nxe5 d6 4. Nf3 Nxe4 5. Nc3 Nf6 6. d4 Be7 7. Bd3 O-O 8. h3
b6 9. O-O Bb7 10. Ne2 Bxf3 11. gxf3 d5 12. Ng3 c5 13. Re1 c4 14. Bf1 g6 15. Bh6
Re8 16. Qd2 Bf8 17. h4 Nc6 18. c3 Rxe1 19. Rxe1 Bxh6 20. Qxh6 Qd6 21. f4 Re8 22.
Rxe8+ Nxe8 23. f5 Qf6 24. fxg6 hxg6 25. Qg5 Qxg5 26. hxg5 Nd8 27. Bg2 Nc7 28. f4
Nde6 29. Ne2 f6 30. gxf6 Kf7 31. Kf2 Kxf6 32. Ke3 Ng7 33. Kd2 Nf5 34. Bh3 Ne8
35. Kc2 Ned6 36. b3 b5 37. Kb2 a5 38. a4 bxa4 39. bxa4 Ne3 40. Bd7 Ne4 41. Bc8
Nd1+ 42. Kc2 Ne3+ 43. Kb2 Nf2 44. Kc1 Nd3+ 45. Kd2 Ng2 46. Ng1 Ngxf4 47. Nf3 g5
48. Nh2 Nb2 49. Bd7 Ke7 50. Bb5 Ke6 51. Ng4 Ng6 52. Nf2 Nf4 53. Ng4 Nbd3 54. Be8
Ke7 55. Bc6 Kd6 56. Be8 Ne6 57. Kc2 Ndf4 58. Ne5 Nc7 59. Bf7 Na8 60. Be8 Nc7 61.
Bf7 Na8 62. Be8 Nb6 63. Kd2 Ne6 64. Bb5 Nc7 65. Nf7+ Ke7 66. Nxg5 Nxb5 67. axb5
a4 68. Nf3 a3 69. Ne1 a2 70. Nc2 Na4 71. Na1 Kd6 72. Kc2 Kc7 73. Kd2 Kb6 74. Kc2
Kxb5 75. Kd2 Kc6 76. Nc2 Kd6 77. Na1 Ke6 78. Nc2 Kf5 79. Na1 Ke4 80. Nc2 Kf3 81.
Na1 Kf4 82. Nc2 Kf3 83. Na1 Nb2 84. Nc2 Nd3 85. Kd1 Nf2+ 86. Kc1 Ke2 87. Kb2 Kd2
88. Na3 Nd3+ 89. Kxa2 Kxc3 90. Nb5+ Kd2 91. Na3 Nb4+ 92. Kb2 c3+ 93. Kb3 c2 94.
Nxc2 Nxc2 0-1

[Event "TCh-CHN 2018"]
[Site "China CHN"]
[Date "2018.05.24"]
[Round "7.1"]
[Board "1"]
[White "Liu, Zhaoqi"]
[Black "Xu, Yinglun"]
[Result "0-1"]
[BlackTitle "GM"]
[WhiteElo "2286"]
[BlackElo "2531"]
[WhiteTeam "Hebei sports lottery chess team"]
[BlackTeam "Guangdong Ding Xin High Tech Team"]
[WhiteFideId "8609381"]
[BlackFideId "8604940"]
[EventDate "2018.04.11"]

1. c4 c5 2. Nc3 Nc6 3. g3 g6 4. Bg2 Bg7 5. d3 Nf6 6. e4 O-O 7. Nge2 d6 8. O-O
Bd7 9. h3 a6 10. Be3 Rb8 11. a4 Ne8 12. Rb1 Nc7 13. d4 b6 14. d5 Na5 15. Qd3 b5
16. cxb5 axb5 17. axb5 Nxb5 18. f4 Nb3 19. Nxb5 Bxb5 20. Qc2 Bd4 21. Rf3 Bxe2
22. Qxe2 Qa5 23. Rf2 Qb5 24. Re1 Qxe2 25. Rexe2 Rb6 26. Bxd4 Nxd4 27. Rd2 Rb3
28. Kh2 Rfb8 29. f5 Kg7 30. g4 g5 31. Kh1 Kf6 32. Kh2 R8b4 33. Kh1 Rc4 34. Rd1
Rc2 35. Rxc2 Nxc2 36. Rd2 Rxb2 37. Bf1 Ra2 0-1

[Event "TCh-CHN 2018"]
[Site "China CHN"]
[Date "2018.05.24"]
[Round "7.1"]
[Board "2"]
[White "Wan, Yunguo"]
[Black "Liang, Jinrong"]
[Result "1-0"]
[WhiteTitle "GM"]
[BlackTitle "GM"]
[WhiteElo "2529"]
[BlackElo "2452"]
[WhiteTeam "Hebei sports lottery chess team"]
[BlackTeam "Guangdong Ding Xin High Tech Team"]
[WhiteFideId "8603189"]
[BlackFideId "8600066"]
[EventDate "2018.04.11"]

1. e4 c5 2. Nf3 e6 3. d4 cxd4 4. Nxd4 Nc6 5. Nc3 Qc7 6. Be2 a6 7. O-O Nf6 8. Be3
Be7 9. f4 d6 10. Kh1 O-O 11. a4 Re8 12. a5 e5 13. Nxc6 bxc6 14. Bb6 Qb7 15. fxe5
dxe5 16. Bc4 Be6 17. Bxe6 fxe6 18. Qd3 Nd7 19. Na4 Bd8 20. Ra3 Bxb6 21. Rb3 Rf8
22. h3 c5 23. Rxf8+ Rxf8 24. Nxb6 Nf6 25. Nd5 Qa8 26. Nxf6+ Rxf6 27. Rb6 Rf4 28.
Qd6 Rf8 29. Qxe6+ Kh8 30. Qxe5 c4 31. Re6 Qa7 32. Kh2 Qb8 33. Qxb8 Rxb8 34. Rxa6
Kg8 35. Rb6 Ra8 36. a6 Kf7 37. Kg3 1-0

[Event "TCh-CHN 2018"]
[Site "China CHN"]
[Date "2018.05.24"]
[Round "7.1"]
[Board "3"]
[White "Zhang, Ziji"]
[Black "Zhao, Chenxi"]
[Result "1-0"]
[WhiteElo "2393"]
[BlackElo "2328"]
[WhiteTeam "Hebei sports lottery chess team"]
[BlackTeam "Guangdong Ding Xin High Tech Team"]
[WhiteFideId "8609470"]
[BlackFideId "8611513"]
[EventDate "2018.04.11"]

1. d4 Nf6 2. c4 g6 3. Nc3 Bg7 4. e4 d6 5. h3 O-O 6. Be3 a6 7. Nf3 b6 8. Bd3 Bb7
9. O-O Nc6 10. Rc1 Nd7 11. Be2 Qe8 12. d5 Nd8 13. b4 e6 14. Nd4 Qe7 15. Re1 c5
16. bxc5 dxc5 17. Nb3 exd5 18. exd5 f5 19. Bf4 Re8 20. a4 Nf7 21. a5 b5 22. cxb5
axb5 23. Nxb5 Qe4 24. Bd2 Qxd5 25. Bf3 Rxe1+ 26. Qxe1 Qxb3 27. Bxb7 Rb8 28. Rb1
Qa2 29. a6 Nd8 30. Bf4 Rxb7 31. axb7 Nxb7 32. Nc3 Bxc3 33. Qe8+ Nf8 34. Rxb7 Bd4
35. Be3 Qd5 36. Bh6 1-0

[Event "TCh-CHN 2018"]
[Site "China CHN"]
[Date "2018.05.24"]
[Round "7.1"]
[Board "5"]
[White "Li, Xueyi"]
[Black "Zhai, Mo"]
[Result "0-1"]
[BlackTitle "WGM"]
[WhiteElo "2187"]
[BlackElo "2352"]
[WhiteTeam "Guangdong Ding Xin High Tech Team"]
[BlackTeam "Hebei sports lottery chess team"]
[WhiteFideId "8605912"]
[BlackFideId "8600201"]
[EventDate "2018.04.11"]

1. d4 Nf6 2. c4 e6 3. g3 Bb4+ 4. Bd2 Qe7 5. Bg2 O-O 6. e3 e5 7. d5 e4 8. Ne2 c6
9. Nbc3 b6 10. O-O Ba6 11. b3 Ba3 12. Bc1 Bxc1 13. Rxc1 Bb7 14. h3 Na6 15. g4
cxd5 16. cxd5 Nb4 17. d6 Qe5 18. Qd4 Qxd4 19. Nxd4 h6 20. Nf5 Nd3 21. Rc2 Rfe8
22. Ne7+ Kf8 23. Nb5 Nb4 24. Rc4 Nbd5 25. Nxd5 Bxd5 26. Rd4 Re5 27. Nc7 Rc8 28.
Rc1 Bb7 29. Rdd1 h5 30. gxh5 Rxh5 31. a4 a6 32. Bf1 a5 33. Nb5 Rhc5 34. Rxc5
Rxc5 35. Bc4 g6 36. Nc7 Kg7 37. Kh2 Bc6 38. Nb5 Kf8 39. Rd4 g5 40. Nc3 Rf5 41.
Kg1 Ke8 42. Ne2 Re5 43. Ng3 Kf8 44. Bf1 Ne8 45. b4 f5 46. Ne2 Bxa4 47. bxa5 Rxa5
48. Nc3 Bc6 49. Rb4 Rc5 50. Ne2 b5 51. Rd4 Kf7 52. Kh2 Rd5 53. Rxd5 Bxd5 54. Nc3
Bc4 55. Bxc4+ bxc4 56. Kg3 Nxd6 57. h4 gxh4+ 58. Kxh4 Kf6 0-1

[Event "TCh-CHN 2018"]
[Site "China CHN"]
[Date "2018.05.24"]
[Round "7.2"]
[Board "1"]
[White "Wang, Yue"]
[Black "Li, Chao b"]
[Result "1/2-1/2"]
[WhiteTitle "GM"]
[BlackTitle "GM"]
[WhiteElo "2683"]
[BlackElo "2703"]
[WhiteTeam "Tianjin Team"]
[BlackTeam "Beijing Beiao team"]
[WhiteFideId "8601429"]
[BlackFideId "8604436"]
[EventDate "2018.04.11"]

1. d4 Nf6 2. c4 g6 3. Nc3 d5 4. Bg5 Ne4 5. Bf4 Nxc3 6. bxc3 Bg7 7. e3 O-O 8. Nf3
c5 9. cxd5 cxd4 10. cxd4 Qxd5 11. Be2 Qa5+ 12. Qd2 Qxd2+ 13. Kxd2 Nc6 14. Rhc1
Rd8 15. Bd3 e5 16. Nxe5 Bxe5 17. Bxe5 Nxe5 18. dxe5 Bf5 19. Rc3 Rd5 20. Ke2
Bxd3+ 21. Rxd3 Rxe5 22. Rd7 Rc8 23. Rxb7 Rc2+ 24. Kd3 Rxf2 25. Rxa7 Rxg2 26. Rf1
Rf5 27. Rxf5 gxf5 28. Kd4 Rxh2 29. Ke5 Re2 30. Kf6 h5 31. Rxf7 Rxa2 32. Rg7+ Kf8
33. Rh7 Ra6+ 1/2-1/2

[Event "TCh-CHN 2018"]
[Site "China CHN"]
[Date "2018.05.24"]
[Round "7.2"]
[Board "2"]
[White "Chu, Wei Chao"]
[Black "Yu, Yangyi"]
[Result "0-1"]
[WhiteTitle "IM"]
[BlackTitle "GM"]
[WhiteElo "2373"]
[BlackElo "2764"]
[WhiteTeam "Tianjin Team"]
[BlackTeam "Beijing Beiao team"]
[WhiteFideId "8605661"]
[BlackFideId "8603820"]
[EventDate "2018.04.11"]

1. d4 e6 2. c4 d5 3. Nf3 Nf6 4. g3 Bb4+ 5. Nbd2 O-O 6. Bg2 b6 7. O-O Bb7 8. Ne5
Be7 9. cxd5 exd5 10. Ndf3 Nbd7 11. Qa4 Nxe5 12. Nxe5 Qe8 13. Qc2 Bd6 14. Nc4 Qc6
15. Qb3 Be7 16. Bf4 Qe6 17. Ne3 c6 18. Qc2 Nh5 19. Nf5 Nxf4 20. Nxe7+ Qxe7 21.
gxf4 Rae8 22. Rfe1 Qh4 23. Qf5 h6 24. e3 Re6 25. Qh3 Qe7 26. Qf3 c5 27. Red1 c4
28. a3 b5 29. Qh5 Rd6 30. Kh1 Bc8 31. Rg1 Qd7 32. Qe5 f5 33. Bh3 g6 34. Rg3 Kh7
35. Rag1 Rff6 36. R1g2 a6 37. Rg1 a5 38. R3g2 Qd8 39. Rg3 Rfe6 40. Bxf5 Rxe5 41.
fxe5 Bxf5 0-1

[Event "TCh-CHN 2018"]
[Site "China CHN"]
[Date "2018.05.24"]
[Round "7.2"]
[Board "4"]
[White "Wang, Yu A."]
[Black "Chu, Ruotong"]
[Result "1/2-1/2"]
[WhiteTitle "IM"]
[BlackTitle "WIM"]
[WhiteElo "2303"]
[BlackElo "2261"]
[WhiteTeam "Beijing Beiao team"]
[BlackTeam "Tianjin Team"]
[WhiteFideId "8601097"]
[BlackFideId "8605653"]
[EventDate "2018.04.11"]

1. e4 e5 2. Nf3 Nf6 3. Nxe5 d6 4. Nf3 Nxe4 5. d3 Nf6 6. d4 Be7 7. Bd3 O-O 8. O-O
Nc6 9. c3 Bg4 10. Nbd2 Re8 11. h3 Bh5 12. Qc2 Bg6 13. Bxg6 hxg6 14. Re1 Bf8 15.
Rxe8 Qxe8 16. Nf1 d5 17. Bf4 Qd7 18. Re1 Re8 19. Rxe8 Nxe8 20. Ne3 Nd8 21. Ne5
Qe6 22. Qa4 g5 23. Bh2 f6 24. Nf3 a6 25. Nxd5 Qxd5 26. Qxe8 Ne6 27. a3 c5 28.
Bg3 cxd4 29. Nxd4 Nxd4 30. cxd4 Qxd4 31. Qe6+ Kh7 32. Qf7 Bd6 33. Qh5+ Kg8 34.
Qe8+ Kh7 35. Qh5+ 1/2-1/2

[Event "TCh-CHN 2018"]
[Site "China CHN"]
[Date "2018.05.24"]
[Round "7.2"]
[Board "5"]
[White "Wang, Jue"]
[Black "Xiao, Yiyi"]
[Result "1/2-1/2"]
[WhiteTitle "WGM"]
[BlackTitle "WFM"]
[WhiteElo "2367"]
[BlackElo "2295"]
[WhiteTeam "Beijing Beiao team"]
[BlackTeam "Tianjin Team"]
[WhiteFideId "8604070"]
[BlackFideId "8606161"]
[EventDate "2018.04.11"]

1. e4 e5 2. Nf3 Nc6 3. Bb5 Nf6 4. O-O Nxe4 5. Re1 Nd6 6. Nxe5 Be7 7. Bf1 Nxe5 8.
Rxe5 O-O 9. Nc3 Ne8 10. Nd5 Bd6 11. Re2 c6 12. Ne3 Bc7 13. Nf5 d5 14. Ne7+ Kh8
15. Nxc8 Rxc8 16. d3 Nf6 17. g3 Qd7 18. Bg5 Qf5 19. Qd2 Rce8 20. Rae1 Rxe2 21.
Rxe2 Bd6 22. Be3 b6 23. b4 Re8 24. Qc3 Qd7 25. Bd4 Rxe2 26. Bxe2 Ne8 27. Bf3 f6
28. Qe1 Nc7 29. c4 Qe7 30. Qxe7 Bxe7 31. cxd5 cxd5 32. a3 Kg8 33. Kf1 Kf7 34.
Ke2 Ke6 35. h4 Bd6 36. Bb2 a5 37. bxa5 bxa5 38. a4 Bb4 39. Ke3 Na6 40. g4 Bc5+
41. d4 Bb4 42. Be2 Nc7 43. f4 g6 44. Bd1 Na8 45. Bb3 Nb6 46. Kd3 Nc8 47. f5+
gxf5 48. gxf5+ 1/2-1/2

[Event "TCh-CHN 2018"]
[Site "China CHN"]
[Date "2018.05.24"]
[Round "7.3"]
[Board "1"]
[White "Ding, Liren"]
[Black "Cheparinov, Ivan"]
[Result "1-0"]
[WhiteTitle "GM"]
[BlackTitle "GM"]
[WhiteElo "2816"]
[BlackElo "2711"]
[WhiteTeam "Zhejiang Chess Team"]
[BlackTeam "Shenzhen Longgang Chess association"]
[WhiteFideId "8603677"]
[BlackFideId "2905540"]
[EventDate "2018.04.11"]

1. c4 e6 2. g3 d5 3. Bg2 Nf6 4. Nf3 Be7 5. O-O O-O 6. b3 c5 7. cxd5 Nxd5 8. Nc3
Nc6 9. Nxd5 exd5 10. d4 Bf6 11. Bb2 Bg4 12. Ne5 Bxe5 13. dxe5 d4 14. Qc2 Qe7 15.
f4 Rac8 16. Rae1 Nb4 17. Qb1 g6 18. a3 Bf5 19. e4 dxe3 20. Be4 Bxe4 21. Qxe4 Nc6
22. Rxe3 Nd4 23. g4 f5 24. exf6 Qxe4 25. Rxe4 Rxf6 26. Rd1 Rd6 27. Kf2 Rcd8 28.
Re7 Rf8 29. Ke3 Nc2+ 30. Ke2 Nd4+ 31. Bxd4 cxd4 32. Rc1 Rc6 33. Rc4 Rxf4 34.
Rxb7 Rxc4 35. bxc4 Kf8 36. Rxa7 h5 37. gxh5 gxh5 38. a4 Rh4 39. Kd3 Rxh2 40. a5
Ra2 41. c5 Ke8 42. Kxd4 h4 43. Kd5 h3 44. Kc6 h2 45. Rh7 Kd8 46. Rh8+ Ke7 47.
Kb6 Rb2+ 48. Kc7 Ra2 49. c6 1-0

[Event "TCh-CHN 2018"]
[Site "China CHN"]
[Date "2018.05.24"]
[Round "7.3"]
[Board "2"]
[White "Lu, Shanglei"]
[Black "Zhou, Jianchao"]
[Result "1/2-1/2"]
[WhiteTitle "GM"]
[BlackTitle "GM"]
[WhiteElo "2636"]
[BlackElo "2617"]
[WhiteTeam "Zhejiang Chess Team"]
[BlackTeam "Shenzhen Longgang Chess association"]
[WhiteFideId "8603332"]
[BlackFideId "8603537"]
[EventDate "2018.04.11"]

1. e4 c6 2. Nc3 d5 3. Nf3 a6 4. d4 Bg4 5. h3 Bh5 6. exd5 cxd5 7. g4 Bg6 8. Ne5
Nc6 9. h4 Nxe5 10. dxe5 d4 11. h5 Bxh5 12. gxh5 dxc3 13. Qxd8+ Kxd8 14. Bg2 e6
15. Bxb7 Ra7 16. Be4 f5 17. Bg2 cxb2 18. Bxb2 Bc5 19. O-O-O+ Ke7 20. Bc6 Nh6 21.
f3 Be3+ 22. Kb1 Rb8 23. Rd3 Bf4 24. Re1 Nf7 25. Rb3 Rxb3 26. axb3 Rc7 27. Ba4
Ng5 28. Rd1 Nxf3 29. Ba3+ Kf7 30. Rd8 g6 31. Bd6 Ra7 32. Bc5 Rc7 33. Bd6 Ra7 34.
Bc5 1/2-1/2